000 00485nam a22001937a 4500
003 MPLRDC
005 20220104124617.0
008 210129b ||||| |||| 00| 0 eng d
020 _a978-986-6557-28-6
082 _a124.1 ZR
100 _a唐.赵蕤 原著
245 _a智慧书
_c欧阳焕 编译
250 _a初版
260 _a台湾
_b好优文化
_c2009
300 _b511
490 _a好好读: 10
650 _a中国哲学--唐代诸子
942 _cBK
_o124.1 ZR
999 _c20718
_d20708